Slovensko v EÚ

Po vstupe do EÚ. Eurofondy. Vplyv vstupu do únie na ekonomiku. Prieskumy. Pobyt v zahraničí. Cestovanie. Zdravotné poistenie. Európska ekonomika.

Gespeichert in:
Bibliographische Detailangaben
Format: Buchkapitel
Sprache:Slowakisch
Schlagworte:
Tags: Tag hinzufügen
Keine Tags, Fügen Sie das erste Tag hinzu!

MARC

LEADER 00000naa$a2200000$$$4500
001 0028759
005 20231009081314.1
041 0 |a slo 
044 |a SK 
245 1 0 |a Slovensko v EÚ 
520 |a Po vstupe do EÚ. Eurofondy. Vplyv vstupu do únie na ekonomiku. Prieskumy. Pobyt v zahraničí. Cestovanie. Zdravotné poistenie. Európska ekonomika. 
610 2 0 |a Slovensko 
610 2 0 |a Európska únia 
610 2 0 |a fond kohézny 
610 2 0 |a fond rozvoja 
610 2 0 |a fondy štruktúrne 
610 2 0 |a hospodárstvo národné 
610 2 0 |a práca v zahraničí 
610 2 0 |a turistika 
610 2 0 |a poistenie zdravotné